| 000 | 00793cam a2200277 a 4500 | ||
|---|---|---|---|
| 999 |
_c3464 _d3464 |
||
| 001 | 8984458 | ||
| 003 | OCoLC | ||
| 005 | 20181211144534.0 | ||
| 008 | 821124s1982 oru 000 0aeng | ||
| 020 | _a0890813221 (pbk.) | ||
| 040 |
_aDLC _cDLC _dBGU |
||
| 050 | 0 | 0 |
_aBV4935.M48 _bA32 1982 |
| 082 | 0 | 0 |
_a248.24 _219 _bM621B |
| 100 | 1 |
_aMichaelsen, Johanna _d1960- |
|
| 245 | 1 | 4 |
_aThe beautiful side of evil / _cJohanna Michaelsen ; foreword, Hal Lindsey |
| 260 |
_aEugene, Or. : _bHarvest House Publishers, _cc1982 |
||
| 300 |
_a222 p. ; _c21 cm |
||
| 504 | _aBibliography: p. 219-222 | ||
| 600 | 1 | 0 | _aMichaelsen, Johanna |
| 650 | 0 |
_aConverts _xBiography |
|
| 650 | 0 | _aChristian life | |
| 650 | 0 | _aParapsychology | |
| 650 | 0 | _aOccultism | |
| 650 | 0 | _aPsychic surgery | |
| 942 |
_2ddc _cBK |
||